01385nam a2200277Ia 4500001001200000003000800012006001900020007001500039008004100054020001800095040002100113035002100134050002300155110011800178245032300296260005900619300002400678533015200702650002400854650001500878650002300893655002900916710001700945856012600962999001901088ebr10367639CaPaEBRm u cr cn|||||||||100419s2009 dcua s 000 0 eng d z9780309143615 aCaPaEBRcCaPaEBR a(OCoLC)60985179514aQB651b.N38 2009eb2 aNational Reserch Council (U.S.).bCommittee to Review Near-Earth Object Surveys and Hazard Mitigation Strategies.10aNear-earth object surveys and hazard mitigation strategiesh[electronic resource] :binterim report /cCommittee to Review Near-Earth Object Surveys and Hazard Mitigation Strategies, Space Studies Board, Aeronautics and Space Engineering Board, Division on Engineering and Physical Sciences, National Research Council. aWashington, D. C. :bNational Academies Press,cc2009. axiii, 26 p. :bill. aElectronic reproduction.bPalo Alto, Calif. :cebrary,d2010.nAvailable via World Wide Web.nAccess may be limited to ebrary affiliated libraries. 0aNear-Earth objects. 0aAsteroids. 0aHazard mitigation. 7aElectronic books.2local2 aebrary, Inc.40uhttp://site.ebrary.com/lib/rucke/Doc?id=10367639zAn electronic book accessible through the World Wide Web; click to view c108587d108587